<?xml version="1.0" encoding="UTF-8"?>
<record
    xmlns:xsi="http://www.w3.org/2001/XMLSchema-instance"
    xsi:schemaLocation="http://www.loc.gov/MARC21/slim http://www.loc.gov/standards/marcxml/schema/MARC21slim.xsd"
    xmlns="http://www.loc.gov/MARC21/slim">

  <leader>00923cam a22002651a 4500</leader>
  <controlfield tag="001">k  62000148 </controlfield>
  <controlfield tag="003">DLC</controlfield>
  <controlfield tag="005">20260227111524.0</controlfield>
  <controlfield tag="008">070518s1948    ko a          000 0dkor  </controlfield>
  <datafield tag="010" ind1=" " ind2=" ">
    <subfield code="a">k  62000148 </subfield>
  </datafield>
  <datafield tag="040" ind1=" " ind2=" ">
    <subfield code="a">DLC</subfield>
    <subfield code="c">DLC</subfield>
    <subfield code="d">DLC</subfield>
  </datafield>
  <datafield tag="041" ind1="1" ind2=" ">
    <subfield code="a">kor</subfield>
    <subfield code="h">jpn</subfield>
  </datafield>
  <datafield tag="050" ind1="0" ind2="0">
    <subfield code="a">DS916.5.P3</subfield>
    <subfield code="b">F816</subfield>
  </datafield>
  <datafield tag="066" ind1=" " ind2=" ">
    <subfield code="c">$1</subfield>
  </datafield>
  <datafield tag="100" ind1="1" ind2=" ">
    <subfield code="6">880-01</subfield>
    <subfield code="a">Fuse, Tatsuji,</subfield>
    <subfield code="d">1880-1953.</subfield>
  </datafield>
  <datafield tag="240" ind1="1" ind2="0">
    <subfield code="a">Baku Retsu t&#x14D;s&#x14D;ki.</subfield>
    <subfield code="l">Korean</subfield>
  </datafield>
  <datafield tag="245" ind1="1" ind2="0">
    <subfield code="6">880-02</subfield>
    <subfield code="a">Pak Y&#x14F;l t&#x2BB;ujaenggi /</subfield>
    <subfield code="c">P&#x2BB;osi Chinch&#x2BB;i ch&#x14F; ; Kang Il-s&#x14F;k y&#x14F;k.</subfield>
  </datafield>
  <datafield tag="260" ind1=" " ind2=" ">
    <subfield code="6">880-03</subfield>
    <subfield code="a">S&#x14F;ul :</subfield>
    <subfield code="b">Choyangsa Ch&#x2BB;ulp&#x2BB;ansa,</subfield>
    <subfield code="c">Tan&#x2BC;gi 4281 [1948]</subfield>
  </datafield>
  <datafield tag="300" ind1=" " ind2=" ">
    <subfield code="a">194 p. :</subfield>
    <subfield code="b">ill. ;</subfield>
    <subfield code="c">19 cm.</subfield>
  </datafield>
  <datafield tag="600" ind1="1" ind2="0">
    <subfield code="6">880-04</subfield>
    <subfield code="a">Pak, Y&#x14F;l,</subfield>
    <subfield code="d">1902-</subfield>
  </datafield>
  <datafield tag="880" ind1="1" ind2=" ">
    <subfield code="6">100-01/$1</subfield>
    <subfield code="a">&#x5E03;&#x65BD; &#x8FB0;&#x6CBB;,</subfield>
    <subfield code="d">1880-1953.</subfield>
  </datafield>
  <datafield tag="880" ind1="1" ind2="0">
    <subfield code="6">245-02/$1</subfield>
    <subfield code="a">&#x6734; &#x70C8; &#x9B2A;&#x722D;&#x8A18; /</subfield>
    <subfield code="c">&#x5E03;&#x65BD; &#x8FB0;&#x6CBB; &#x8457; ; &#x59DC; &#x4E00;&#x932B; &#x8B6F;.</subfield>
  </datafield>
  <datafield tag="880" ind1=" " ind2=" ">
    <subfield code="6">260-03/$1</subfield>
    <subfield code="a">&#xC11C;&#xC6B8; :</subfield>
    <subfield code="b">&#x671D;&#x6D0B;&#x793E; &#x51FA;&#x7248;&#x793E;,</subfield>
    <subfield code="c">&#x6A80;&#x7D00; 4281 [1948]</subfield>
  </datafield>
  <datafield tag="880" ind1="1" ind2="4">
    <subfield code="6">600-04/$1</subfield>
    <subfield code="a">&#x6734; &#x70C8;,</subfield>
    <subfield code="d">11902-</subfield>
  </datafield>
  <datafield tag="999" ind1=" " ind2=" ">
    <subfield code="c">35322</subfield>
    <subfield code="d">35322</subfield>
  </datafield>
</record>
